Dog in the Answers - Statistics

General Stats
  • This quiz has been taken 68,915 times
    35,033 since last reset
  • The average score is 13 of 20
Answer Stats
Clue Answer % Correct
Frankfurter or wiener Hot dog
98%
It can't learn new tricks Old dog
90%
Battle between fighter planes Dogfight
77%
"You ain't nothing but a ____ __, crying all the time" Hound dog
75%
The expected loser in sports Underdog
75%
A basic swimming stroke Doggy paddle
74%
Makes a high-pitch noise that dogs can hear but humans can't Dog whistle
74%
Rapper who has collaborated with Dr. Dre and Warren G Snoop Dogg
74%
The hottest part of summer Dog days
66%
Bookmark alternative Dog ear
63%
Alpo or Purina, e.g. Dog food
63%
Religious doctrine Dogma
62%
The maximum possible dare Triple dog dare
60%
Jail for dogs Dog pound
59%
1992 Quentin Tarantino movie Reservoir Dogs
55%
Fighting a hangover by drinking more alcohol Hair of the dog
52%
A tough old sailor Salty dog
51%
"Kissing" rodent of North America Prairie dog
46%
Sharp curve on a golf course Dogleg
36%
Iditarod racer Sled dog
36%
No matching quizzes found
Score Distribution
Percent of People with Each Score
Percentile by Number Answered
Your Score History
You have not taken this quiz since the last reset